Statistics for Edmonton Oilers Captains

Click here to take the quiz!

General Stats

  • This quiz has been taken 49 times
  • The average score is 8 of 19

Answer Stats

PositionTenurePlayer% Correct
C2016–PresentConnor McDavid
100%
C1988–91*Mark Messier
98%
C1983–88*Wayne Gretzky
95%
LW2014Ryan Smyth
77%
D1991–92*Kevin Lowe
57%
D2001–07Jason Smith
52%
C1999–2001Doug Weight
48%
C2010–12Shawn Horcoff
45%
C1992–94Craig MacTavish
41%
LW2007–10Ethan Moreau
34%
RW1995–99Kelly Buchberger
34%
LW1995Shayne Corson
30%
D1981–83Lee Fogolin
25%
D1972–76Al Hamilton
23%
D2013–15Andrew Ference
23%
RW1980–81Blair MacDonald
20%
C1979–80Ron Chipperfield
16%
LW1976–77Glen Sather
7%
D1977–79Paul Shmyr
5%

Score Distribution

Percentile by Number Answered

Percent of People with Each Score

Your Score History

You have not taken this quiz